| 000 | 01051nam a2200229Ia 4500 | ||
|---|---|---|---|
| 999 |
_c37848 _d37848 |
||
| 001 | 3826 | ||
| 003 | GE_BSU | ||
| 005 | 20190819161255.0 | ||
| 008 | 181216s1988||||ge |||||||||||||| ||geo|| | ||
| 040 | _cGE_BSU | ||
| 041 | _ageo | ||
| 080 | _a159.9 კ–17 | ||
| 100 |
_aკაკაბაძე, ვიტალი _93586 |
||
| 245 |
_aმოთხოვნილების ფსიქოლოგია / _cვ. კაკაბაძე; რედ.: შ. ნადირაშვილი ; საქ. სსრ მეცნ. აკად., ფსიქოლოგიის ინ-ტი. |
||
| 245 | _cრედ, შ. ნადირაშვილი. | ||
| 264 |
_a თბ. : _bმეცნიერება, _c1988. |
||
| 300 |
_a148 გვ. ; _b22 სმ. |
||
| 653 | _aფსიქოლოგია | ||
| 700 |
_aნადირაშვილი, შ. _eრედაქტორი _92767 |
||
| 710 |
_aსაქ. სსრ მეცნ. აკად., ფსიქოლოგიის ინ-ტი. _93673 |
||
| 942 |
_cBK _2udc |
||